000 00956nam a2200265Ia 4500
003 OSt
005 20220923211147.0
006 a|||||r|||| 00| 0
007 ta
008 220922b |||||||| |||| 00| 0 hin d
020 _a8187482168 (hbk)
_c180
024 _a353,095
037 _bGV718, 09/03/2020, Vani Prakashan
_cTextual
040 _aARTS
_cARTS
_bhin
041 _2hin
_ahin
082 _aO152:g, P1
100 _aआचार्य, नन्दकिशोर, ले.
_9158927
245 0 _aसाहित्य का स्वभाव
246 _aSāhitya kā svabhāva
260 _aबीकानेर
_b वाग्देवी प्रकाशन
_c2001
300 _a200पृ.
_ccm.
650 _aहिन्दी साहित्य
_9156264
942 _hO152:g, P1
_cTEXL
_2CC
999 _c296140
_d296140